000 00714cam a22002414a 4500
008
020 _a0470868929 (pbk.)
049 _aMAIN
090 _aHB172.5
_bMIL
100 1 _aMiles, David.
245 1 0 _aMacroeconomics :
_bunderstanding the wealth of nations /
_cDavid Miles, Andrew Scott.
260 _aNew York :
_bWiley,
_c2005.
300 _axix, 610 p. :
_bcol. ill. ;
_c24 cm.
504 _aIncludes bibliographical references.
500 _aIncludes index.
650 0 _aMacroeconomics.
700 1 _aScott, Andrew.
907 _a.b10281010
_b26-10-10
_c23-08-10
003
005 20230123125037.0
040 _cNUST
942 _cBOOKS
_kHB172.5
_mMIL
999 _c134707
_d134707